| 000 | 00828nam a2200253Ia 4500 | ||
|---|---|---|---|
| 003 | OSt | ||
| 005 | 20220930063809.0 | ||
| 006 | a|||||r|||| 00| 0 | ||
| 007 | ta | ||
| 008 | 220926b |||||||| |||| 00| 0 eng d | ||
| 024 | _a3314 | ||
| 037 | _cTheses | ||
| 040 |
_aCRL _cCRL _beng |
||
| 041 |
_2eng _aeng |
||
| 100 |
_aBrajesh Kumar _9523531 |
||
| 110 |
_aUniversity of Delhi. Faculty of Science. Department of Chemistry _9519399 |
||
| 245 | 0 | _aInteraction of tartaric acid with Copper (II) , Zinc (II) , Antimony (III) and Vanadium (IV) | |
| 260 | _c1979 | ||
| 650 | _aCHEMISTRY | ||
| 700 |
_a Prof A K Banerjee Supervisor _9523532 |
||
| 700 |
_aUniversity of Delhi. Faculty of Science. Department of Chemistry _9519402 |
||
| 942 |
_cDIS _2CC |
||
| 999 |
_c857315 _d857315 |
||